Länder, die einen Buchstaben enthalten - T - Statistiken

Allgemein
  • Dieses Quiz wurde 1.454 mal gespielt
  • Das Durchschnittsergebnis liegt bei 47 aus 64
Antwortstatistiken
Hinweis Land % Korrekt
2 x T Turkmenistan
92%
1 x T Türkei
90%
1 x T Vereinigtes Königreich
89%
1 x T Australien
88%
3 x T Vereinigte Staaten
88%
2 x T Lettland
87%
1 x T Litauen
86%
1 x T Argentinien
85%
2 x T Tadschikistan
85%
1 x T Thailand
85%
1 x T Deutschland
84%
1 x T Estland
84%
1 x T Italien
84%
1 x T Portugal
84%
1 x T Tunesien
84%
1 x T Togo
83%
2 x T Trinidad und Tobago
83%
1 x T Tschechien
83%
1 x T Afghanistan
81%
1 x T Kasachstan
81%
1 x T Usbekistan
81%
1 x T Pakistan
80%
1 x T Tansania
80%
2 x T Vereinigte Arabische Emirate
80%
1 x T Kirgisistan
78%
1 x T Ägypten
76%
1 x T Österreich
76%
3 x T Vatikanstadt
76%
2 x T Liechtenstein
75%
1 x T Tschad
75%
1 x T Kroatien
73%
1 x T Tonga
73%
1 x T Malta
71%
1 x T Tuvalu
71%
1 x T Zentralafrikanische Republik
71%
3 x T St. Kitts und Nevis
70%
2 x T St. Vincent und die Grenadinen
70%
1 x T Vietnam
70%
1 x T Äthiopien
69%
1 x T Haiti
69%
1 x T St. Lucia
68%
1 x T Demokratische Republik Kongo
67%
1 x T Katar
67%
1 x T Lesotho
67%
1 x T Mauretanien
67%
1 x T Eritrea
65%
1 x T Montenegro
65%
1 x T Bhutan
64%
1 x T Costa Rica
64%
1 x T Mauritius
64%
1 x T Taiwan
64%
1 x T Antigua und Barbuda
62%
1 x T Guatemala
62%
1 x T Äquatorial-Guinea
61%
1 x T Botswana
61%
2 x T Osttimor
61%
1 x T Elfenbeinküste
60%
1 x T São Tomé und Príncipe
60%
1 x T Dschibuti
59%
1 x T Eswatini
59%
1 x T Kuwait
58%
1 x T Vanuatu
56%
3 x T Föderierte Staaten von Mikronesien
51%
1 x T Kiribati
51%
Keine übereinstimmenden Quizze gefunden
Verteilung der Resultate
Anzahl Personen mit jedem Resultat
Perzentil nach korrekt beantworteten Fragen
Ihre Resultats-Entwicklung
Sie haben dieses Quiz noch nicht gespielt